000 00748nam a22001697a 4500
999 _c216491
_d216491
005 20260326140238.0
008 260326b ||||| |||| 00| 0 eng d
040 _aLC
_cUNZA
_dUNZA
_eRDA
099 _aGOV.ZAM (02) 2023
110 _aZambia Institute for Policy Analysis & Research
245 _aAnalysis of the 2023 national budget :
_breinforcing the foundation for inclusive growth and development /
_cZambia Institute for Policy Analysis & Research
260 _aLusaka :
_bZambia Institute for Policy Analysis & Research
_c2022.
300 _a31 pages :
_billustrations.
650 _a Budget
_xNational budget
_zZambia.
856 _uhttps://zipar.org.zm/wp-content/uploads/2025/09/Analysis-of-the-2023-National-Budget.pdf
942 _cGOV-PUBS